=LDR 00000nam 2200000 4500 =001 INLIS000000000039781 =005 20130612145405 =008 ***********************************ind** =035 ##$$a0010-061300000039781 =041 ##$$a ind =082 ##$$a 492.7 =090 ##$$a 492.7, Faq m =100 ##$$a Faqih, Abdullah =245 ##$$a Muhadatsah 'Arabiyyah Yaumiyyah, Percakapa bahasa Arab Sehari-hari, H. Abdullah Faqih S =650 ##$$a Agama =850 ##$$a NBPNMAT =990 ##$$a 0001/BPAP-NTB/20142014